Die 10 beliebtesten Flugziele vom Flughafen Düsseldorf (DUS) - Statistiken

Allgemein
  • Dieses Quiz wurde 23 mal gespielt
  • Das Durchschnittsergebnis liegt bei 7 aus 10
Antwortstatistiken
Flüge pro Monat Stadt % Korrekt
269 München
100%
158 Paris
100%
233 London - LHR
95%
201 Wien
95%
180 Zürich
90%
466 Palma de Mallorca
76%
150 Kopenhagen
62%
193 Istanbul - SAW
43%
341 Antalya
33%
154 Heraklion
33%
Keine übereinstimmenden Quizze gefunden
Verteilung der Resultate
Anzahl Personen mit jedem Resultat
Perzentil nach korrekt beantworteten Fragen
Ihre Resultats-Entwicklung
Sie haben dieses Quiz noch nicht gespielt